00373nam a2200181Ia 4500003000900000008004100009040001300050040001300063041000800076100002000084245002400104250001200128260001500140260000900155300001100164300001000175490000600185IT-RoPAU120407s9999 xx 000 0 und d aIT-RoPAU cIT-RoPAU aita aPietro Dacquino aBattesimo e cresima aTorino  aElle Di Ci c1970 a294 p. c21 cm v1